Biblioteca

El Apocalipsis (Registro nro. 41534)

Detalles MARC
000 -LÍDER
Campo fijo de descripción fija 00934nam a22002417a 4500
001 - NÚMERO DE CONTROL
Campo de control 12510
003 - IDENTIFICADOR DEL NÚMERO DE CONTROL
Campo de control CO-MdFUSB
005 - FECHA Y HORA DE LA ULTIMA TRANSACCIÓN
control field 20180622073148.0
008 - ELEMENTOS DE LONGITUD FIJA -- INFORMACIÓN GENERAL
Campo fijo de descripción fija -- Información general 180420t2004 sp ||||| |||| 00| 0 spa d
020 ## - NÚMERO INTERNACIONAL NORMALIZADO PARA LIBROS
Número Internacional Normalizado del libro 84-8267-418-8
040 ## - FUENTE DE CATALOGACIÓN
Agencia de catalogación original CO-MdFUSB
Idioma de catalogación spa
Agencia que realiza la transcripción CO-MdFUSB
Agencia que realiza la modificación CO-MdFUSBC
Convenciones de la descripción rda
041 0# - CÓDIGO DE IDIOMA
Código de idioma para texto/pista de sonido o título separado spa
082 04 - NÚMERO DE CLASIFICACIÓN DECIMAL DEWEY
Número de clasificación G 228 C3344a
100 1# - ASIENTO PRINCIPAL--NOMBRE PERSONAL
Nombre personal Casado Cámara, David
Término relacionador autor
245 13 - TÍTULO
Título del Material El Apocalipsis
Parte restante del título - Subtitulo : Revelación y acontecimiento humano
Mención de responsabilidad, etc. / David Casado Cámara
264 #4 - PRODUCCIÓN, PUBLICACIÓN, DISTRIBUCIÓN, MANUFACTURA, Y COPYRIGHT
Lugar de producción, publicación, distribución, manufactura Barcelona :
Nombre del productor, publicador, distribuidor CLIE - SEUT,
Fecha de producción, publicación, distribución, manufactura, o copyright ©2004
300 ## - DESCRIPCIÓN FÍSICA
Extensión 299 Pag
336 ## - TIPO DE CONTENIDO
Fuente rdacontent
Término de tipo de contenido texto
Código de tipo de contenido txt
337 ## - TIPO DE MEDIO
Fuente rdamedia
Nombre del tipo de medio sin mediación
Código del tipo de medio n
338 ## - TIPO DE SOPORTE
Fuente rdacarrier
Nombre del tipo de soporte volumen
Código Tipo de soporte nc
505 00 - NOTA DE CONTENIDO
Nota de contenido con formato preestablecido - El libro de Apocalipsis y su lenguaje - El libro de Apocalipsis y la historia - El libro de Apocalipsis y lo religioso - El libro de Apocalipsis y la profecía - El libro de Apocalipsis y lo político - El libro de Apocalipsis y su estructura
942 ## - TIPO DE MATERIAL (KOHA)
Tipo de Item KOHA Libros General
Existencias
Estado de Material Estado de Perdido Estado de Dañado No para Préstamo Colección Tomo Biblioteca de Origen Biblioteca Permanente Fecha de Adquisición Total de Préstamos Total de Renovaciones Signatura Topográfica Código de Barras Última vez visto Última vez Préstado Ejemplar/Existencia Fecha de Remplazo Tipo de Material Forma de Clasificación Área
        Colección General   Biblioteca FUSBC Biblioteca FUSBC 04/08/2005 4 2 G 228 C3344a 15363 08/11/2024 08/06/2023 1 26/01/2016 Libros General    
        Colección General   Biblioteca FUSBC Biblioteca FUSBC 11/07/2006 6 6 G 228 C3344a 16074 04/11/2025 12/05/2023 2 26/01/2016 Libros General Dewey Decimal Classification BIBLIA

Biblioteca FUSBC | Teléfono: (57+4) 349 88 10 Ext. 141| WhatsApp (+57) 3005338115 
E-mail: biblioteca@unisbc.edu.co | Calle 76 87-14 Robledo Palenque, Medellín, Colombia

Con tecnología Koha